Návrh reaktora na výrobu propylénglykolu

Gespeichert in:
Bibliographische Detailangaben
1. Verfasser: Bukay, Dominik (Verfasst von)
Weitere Verfasser: Markoš, Jozef (Betreuung Doktorarbeit)
Format: Manuskript Buch
Sprache:Slowakisch
Veröffentlicht: 2018
Schlagworte:
Online-Zugang:http://is.stuba.sk/zp/portal_zp.pl?podrobnosti=144410
Tags: Tag hinzufügen
Keine Tags, Fügen Sie das erste Tag hinzu!

MARC

LEADER 00000ntm a22000003a 4500
001 stuzp66553
003 SK-STU
005 20180623210538.6
007 ta
008 150427s2015----xo-----f-mn---000-0-slo-d
040 |a STU  |b slo 
041 0 |a slo 
100 1 |a Bukay, Dominik  |u 046000  |4 aut  |U FCHPT Fakulta chemickej a potravinárskej technológie  |T FCHPT Ústav chemického a environmentálneho inžinierstva  |X 76776  |U C6000  |Y 104  |7 76776 
242 0 1 |a Design of Reactor for Propyleneglycole Production  |y eng 
245 1 0 |a Návrh reaktora na výrobu propylénglykolu 
260 |c 2018 
650 4 |a CSTR  |2 slo 
650 4 |a propylénglykol  |2 slo 
650 4 |a propylénoxid  |2 slo 
650 4 |a CSTR  |2 eng 
650 4 |a propyleneglycol  |2 eng 
650 4 |a propyleneoxide  |2 eng 
700 1 |a Markoš, Jozef  |u 046230  |k Z1  |4 ths  |U FCHPT Ústav chemického a environmentálneho inžinierstva  |T FCHPT Oddelenie chemického a biochemického inžinierstva  |X 3883  |U C6230  |Y 119  |7 A000003883 
856 4 |u http://is.stuba.sk/zp/portal_zp.pl?podrobnosti=144410